000 00465nam a2200169Ia 4500
008 110201s9999 xx 000 0 und d
082 _bB1362
_aK 1182
100 _aआचार्य नयना
245 _aउधान
260 _bपरिमल प्रकाशन
365 _b30
600 _aआचार्य नयना
630 _aउधान
700 _aआचार्य नयना
730 _aउधान
942 _cBOOK
999 _c828630
_d828627